Comité Olímpico Español : biografías : 1990 biografías :
Descripción Física:
175 p. : fot. ; 22 cm
Otros Autores:
Comité Olímpico Español
Materias:
Comité Olímpico Español -- Biografia
MARC
| LEADER | 00000nam a2200000Ia 4500 | ||
|---|---|---|---|
| 001 | 21402 | ||
| 008 | 160829s1990 xx 000 0 cat d | ||
| 080 | |a P-1-85 | ||
| 245 | |a Comité Olímpico Español : |b biografías : |b 1990 | ||
| 260 | |a Madrid : |b el Comité, |c 1990 | ||
| 300 | |a 175 p. : |b fot. ; |c 22 cm | ||
| 650 | |a Comité Olímpico Español |x Biografia |9 44470 | ||
| 700 | |a Comité Olímpico Español |9 44471 | ||
| 901 | |a Arxiu | ||
| 942 | |n 1 | ||
| 952 | |0 0 |1 0 |4 0 |6 P185 |7 1 |9 51956 |a Arxiu |b Arxiu |d 2016-12-01 |l 0 |o P-1-85 |p 21402 |r 2016-12-01 00:00:00 |w 2016-12-01 |y ARXIU | ||
| 999 | |c 55803 |d 55803 | ||